Loading...
| Fine Arts - Classical Music | 0 | 5 | 2 | 2 | 40 | 90 | 118.60 | 0 | 4 | 2.49 | 25.76 |
| Literature - World | 0 | 4 | 0 | 1 | 40 | 94 | 126.00 | 0 | 3 | 3.68 | 25.76 |
| Literature - British | 0 | 3 | 0 | 0 | 30 | 61 | 104.33 | 1 | 2 | 5.85 | 19.70 |
| Literature - American | 0 | 2 | 0 | 0 | 20 | 81 | 99.50 | 0 | 2 | 5.12 | 13.64 |
| Social Science | 0 | 2 | 0 | 1 | 20 | 62 | 89.50 | 1 | 2 | 4.75 | 15.15 |
| Mythology | 0 | 2 | 0 | 2 | 20 | 131 | 131.50 | 0 | 0 | 0.00 | 3.03 |
| Literature - European | 0 | 2 | 1 | 0 | 15 | 124 | 132.00 | 0 | 1 | 0.01 | 9.09 |
| Philosophy | 0 | 1 | 0 | 0 | 10 | 106 | 106.00 | 0 | 1 | 1.13 | 4.55 |
| Fine Arts - Painting and Sculpture | 0 | 1 | 0 | 0 | 10 | 98 | 98.00 | 1 | 1 | 2.64 | 9.09 |
| Fine Arts - Other | 0 | 1 | 1 | 0 | 5 | 93 | 93.00 | 0 | 1 | 3.09 | 7.58 |
| History - World | 0 | 0 | 1 | 0 | -5 | 0.00 | 0 | 0 | 0.00 | 0.00 |